[Event "Regionalliga SW 0910"]
[Site "Bayern"]
[Date "2010.03.21"]
[Round "8.7"]
[White "Senner, Felix"]
[Black "Mattes, Heinz"]
[Result "1-0"]
[WhiteElo "1755"]
[BlackElo "1908"]
[PlyCount "111"]
[EventDate "2009.10.18"]
[EventType "team-tourn"]
[EventRounds "9"]
[EventCountry "GER"]
[SourceTitle "EXT 2011"]
[Source "ChessBase"]
[SourceDate "2010.11.26"]
[SourceVersion "1"]
[SourceVersionDate "2010.11.26"]
[SourceQuality "1"]
[WhiteTeam "Tuerkheim/Bad Woerishofen"]
[BlackTeam "Muenchen Siemens"]
[WhiteTeamCountry "GER"]
[BlackTeamCountry "GER"]

1. e4 e6 2. d3 d5 3. Nd2 c5 4. c3 Nc6 5. f4 Qc7 6. g3 Bd7 7. Ngf3 0-0-0 8. Bg2 Nf6 9. e5 Ng4 10. Qe2 f6 11. h3 Nh6 12. g4 Nf7 13. d4 cxd4 14. cxd4 Nb4 15. 0-0 Qb6 16. Nb3 Bb5 17. Qd1 Bxf1 18. Bxf1 Nc6 19. Bd2 Bb4 20. Rc1 Bxd2 21. Qxd2 Kb8 22. Nc5 Rhe8 23. Kg2 Qb4 24. Rc3 Ka8 25. a3 Qa5 26. Qc2 Nb8 27. b4 Qb6 28. Na4 Qc6 29. Rxc6 Nxc6 30. Qxh7 fxe5 31. fxe5 Re7 32. b5 Na5 33. Qxg7 b6 34. Qf6 Rdd7 35. g5 Nb3 36. g6 Nd8 37. Nb2 Kb7 38. Nd3 Kc7 39. Nb4 Na5 40. h4 Rg7 41. h5 Rdf7 42. Qg5 Rf5 43. Na6+ Kd7 44. Qg4 Nf7 45. Bd3 Nh6 46. Qh4 Rf8 47. Qg5 Nf7 48. Qf6 Rgg8 49. Ng5 Nd8 50. Nb8+ Ke8 51. Nh7 Rxf6 52. Nxf6+ Kf8 53. Nbd7+ Kg7 54. h6+ Kh8 55. Nxg8 Kxg8 56. Nf6+ 1-0